| 000 | 00778nam a2200181 4500 | ||
|---|---|---|---|
| 999 |
_c15800 _d15800 |
||
| 008 | 201127b ||||| |||| 00| 0 eng d | ||
| 022 | _a0730-3084 | ||
| 082 | _aDPer 613.705 J863 Sept 2015-Apr 2016 v. 86-87 | ||
| 100 |
_aWoods, Amelia Mays. _942636 |
||
| 245 |
_a All in: _bteachers' and college faculty's roles in recruiting future physical educators/ _cWoods, Amelia Mays, K Andrews R. Richards and Susan F. Ayers. |
||
| 260 |
_aPhiladelphia: _bShape America-Society of Health and Physical Educators, _c©Sept 2015-Apr 2016. |
||
| 300 |
_av87, n4, pages 18-23: _billustrations; _c28 cm. |
||
| 500 | _aJOPERD | ||
| 650 |
_aPhysical education _xTeachers. _942637 |
||
| 700 |
_aRichards, K. A. R. _eAuthor. _942638 |
||
| 700 |
_aAyers, S. F. _eAuthor. _942639 |
||
| 942 |
_2ddc _cPER |
||